01805nam a2200385 a 4500001001200000003000800012006001900020007001500039008004100054010001700095020003100112020002700143040002100170035002100191043001200212050002600224082001600250100002400266245012200290260005700412300002300469504005100492505037100543533015200914650002301066650002901089650003001118651002801148651003601176655002901212700001801241710001701259856012601276999001701402ebr10678690CaPaEBRm u cr cn|||||||||111013s2012 maua sb 001 0 eng d z 2011042367 z9780674050204 (alk. paper) z9780674065390 (e-book) aCaPaEBRcCaPaEBR a(OCoLC)835374469 aa-cc---14aHC427.95b.N44 2012eb04a330.9512231 aNee, Victor,d1945-10aCapitalism from belowh[electronic resource] :bmarkets and institutional change in China /cVictor Nee, Sonja Opper. aCambridge, Mass. :bHarvard University Press,c2012. axv, 431 p. :bill. aIncludes bibliographical references and index.0 aWhere do economic institutions come from? -- Markets and endogenous institutional change -- The epicenter of bottom-up capitalism -- Entrepreneurs and institutional innovation -- Legitimacy and organizational change -- Industrial clusters and competitive advantage -- The development of labor markets -- Institutions of innovation -- Political economy of capitalism. aElectronic reproduction.bPalo Alto, Calif. :cebrary,d2013.nAvailable via World Wide Web.nAccess may be limited to ebrary affiliated libraries. 0aCapitalismzChina. 0aEntrepreneurshipzChina. 0aIndustrial policyzChina. 0aChinaxEconomic policy. 0aChinaxPolitics and government. 7aElectronic books.2local1 aOpper, Sonja.2 aebrary, Inc.40uhttp://site.ebrary.com/lib/rucke/Doc?id=10678690zAn electronic book accessible through the World Wide Web; click to view c59875d59875